Piłkarska kariera Tammyego Abrahama. - Statystyki

Ogólne statystyki
  • Ten quiz został rozwiązany 42 razy
  • Średni wynik to 5 z 8
Statystyki odpowiedzi
Lata Drużyna % Poprawnych
2015-2016 Chelsea
97%
2017-2017 Chelsea
97%
2018-2018 Chelsea
97%
2019-2021 Chelsea
97%
2021-teraz AS Roma
93%
2018-2019 Aston Villa
37%
2017-2018 Swansea
20%
2016-2017 Bristol City
7%
Nie znaleziono quizów pasujących do podanych kryteriów
Rozkład punktacji
Procent ludzi z każdym wynikiem
Percentyl według liczby udzielonych odpowiedzi
Twoja historia wyników
Nie rozwiązałeś tego quizu